El alma de España

Sparad:
Bibliografiska uppgifter
Huvudupphovsman: Marañón y Posadillo, Gregorio (autor)
Materialtyp: Bok
Språk:spanska
Publicerad: Madrid, España Manuel Herrera Oria 1951
Ämnen:
Taggar: Lägg till en tagg
Inga taggar, Lägg till första taggen!

MARC

LEADER 00000nam a2200000 a 4500
001 UCO1269
003 CL-VaPUC
005 20230119074138.0
008 000512e19510000SP |||||||||||||||||spa|d
999 |c 287898  |d 287896 
040 |c Pontificia Universidad Católica de Valparaíso 
082 0 4 |a 946 MAR 1951  |2 21 
100 |a Marañón y Posadillo, Gregorio  |e autor  |9 529334 
245 1 3 |a El alma de España 
260 |a Madrid, España  |b Manuel Herrera Oria  |c 1951 
300 |a 398 páginas 
583 |a last modification  |c 20121219 10:07:25  |k Rodrigo Vera 
650 0 |a Historia de España  |9 315435 
650 0 |a Arte español  |9 341293 
650 0 |a Literatura española  |9 306261 
650 0 |a Caballeros y caballería   |z ESPAÑA  |9 266046 
650 0 |a Teatro español  |9 265077 
650 0 |a Pintura española   |9 315217 
650 0 |a Filosofía española   |9 254895 
852 |a BIBCUR 
942 |c BK  |2 ddc 
945 |d 20000512 00:00:00  |a rherrera 
952 |0 0  |1 0  |2 ddc  |4 0  |6 946_000000000000000_MAR_1951  |7 0  |8 A  |9 334986  |a BIBHIS  |b BIBHIS  |d 2019-11-20  |i 1269658  |o 946 MAR 1951  |p 1269658  |r 2025-01-20  |t 1  |w 2019-11-20  |y BK  |k HIS